| 000 | 00693nam a22002057a 4500 | ||
|---|---|---|---|
| 003 | OSt | ||
| 005 | 20251024082832.0 | ||
| 008 | 251024b |||||||| |||| 00| 0 eng d | ||
| 020 | _a978-621-406-278-2 | ||
| 040 |
_aDWC-Main lib. _cOC |
||
| 082 | _aFil. 338.479 S159k 2020 | ||
| 100 | _aMa. Dolores N. Salamanca | ||
| 245 |
_aKnowledge. Skills. Attitude _b: Tour Guide/ _cMa. Dolores N. Salamanca |
||
| 260 |
_aManila, _bMindshapers co. inc _c , c2020. |
||
| 300 |
_ax, 140 pages : _b illustrations _c; 23cm. |
||
| 504 | _aIncludes bibliographical references | ||
| 650 | _a1. Tour guide (Persons)-- Vocational guidance | ||
| 650 | _a2. Tourism management | ||
| 942 |
_2ddc _cBK - FIL _kFil. _n0 |
||
| 999 |
_c5122 _d5122 |
||